000 00650nam a2200253Ia 4500
005 20250425162621.0
008 250425s9999 xx 000 0 und d
020 _a9789978671566
041 _aspa
082 _a370.9866
100 _aARCOS CABRERA, CARLOS
245 0 _aDESAFIOS PARA LA EDUCACION EN EL ECUADOR: CALIDAD Y EQUIDAD
250 _a1A ED.
260 _aEcuador
_bFLACSO, SEDE ECUADOR
_c2008
260 _aS.L.
300 _a328
650 _aECUADOR
650 _aEDUCACION PUBLICA
650 _aPOLITICA EDUCATIVA
650 _aREFORMA DE LA EDUCACION
700 _aESPINOSA, BETTY
942 _c01
010 _a90526
999 _c232923
_d232923